Music Quiz

Random Music or Song Quiz

Obscure Lyrics to Public Domain Songs (clickable) Quiz Stats

 Plays Quiz not verified by Sporcle

Challenge
Share
Tweet
Embed
Score 0/20 Timer 05:00
0 Plays Today
% Correct
America the Beautiful
51.3%
This Land is Your Land
48.7%
Good King Wenceslas
46.2%
O Christmas Tree
43.6%
O Come All Ye Faithful
43.6%
Hail to the Chief
41%
Hark! The Herald Angels Sing
41%
Big Rock Candy Mountain
38.5%
Ain't We Got Fun
37.2%
Flying Trapeze
37.2%
% Correct
Battle Hymn of the Republic
35.9%
Deep in the Heart of Texas
33.3%
Deck the Halls
29.5%
Jingle Bells
24.4%
Star-Spangled Banner
20.5%
Yankee Doodle
20.5%
Swing Low, Sweet Chariot
19.2%
What Child Is This?
15.4%
God Rest Ye, Merry Gentlemen
12.8%
Home on the Range
7.7%

You're not logged in!

Compare scores with friends on all Sporcle quizzes.
Join for Free
OR
Log In

You Might Also Like...

Show Comments

Extras

Top Quizzes Today


Score Distribution

Your Account Isn't Verified!

In order to create a playlist on Sporcle, you need to verify the email address you used during registration. Go to your Sporcle Settings to finish the process.

Report this User

Report this user for behavior that violates our Community Guidelines.

Details: